[Event "Chioggia op-A 14th"]
[Site "Chioggia"]
[Date "2019.10.05"]
[Round "2"]
[White "Bordin, Silvia"]
[Black "Sforza, Michelangelo"]
[Result "1/2-1/2"]
[WhiteElo "1936"]
[BlackElo "1891"]
[PlyCount "76"]
[EventDate "2019.10.04"]
[EventType "swiss"]
[EventRounds "5"]
[EventCountry "ITA"]
[SourceTitle "EXT 2022"]
[Source "ChessBase"]
[SourceDate "2021.10.06"]
[SourceVersion "1"]
[SourceVersionDate "2021.10.06"]
[SourceQuality "1"]

1. e4 c5 2. Nf3 Nc6 3. d4 cxd4 4. Nxd4 g6 5. c4 Bg7 6. Be3 a6 7. Nc3 e6 8. Qd2 Qc7 9. Be2 Nge7 10. Rc1 0-0 11. 0-0 Rd8 12. Rfd1 b6 13. f3 Bb7 14. Nxc6 dxc6 15. Qc2 c5 16. a3 Be5 17. g3 Nc6 18. Kg2 h5 19. Rd3 Bf6 20. Bd1 Rxd3 21. Qxd3 Rd8 22. Qe2 Nd4 23. Qf1 Rd7 24. Ba4 Bc6 25. Bxc6 Qxc6 26. Qe1 Qc8 27. Rd1 Qe8 28. Qf2 Nc6 29. Rxd7 Qxd7 30. Qc2 Ne5 31. b3 Nc6 32. Na4 Qd8 33. Qd2 Qxd2+ 34. Bxd2 Bd8 35. b4 cxb4 36. Bxb4 b5 37. cxb5 axb5 38. Nc3 Nxb4 1/2-1/2